La Presencia del cuerpo ausente /

El cuerpo de la mujer, además de sus particularidades biológicas, es interpretación, cultura, religión en definitiva es un constructo social. El presente ensayo es una breve y quizá forzada -pero necesaria- comparación de miradas extremas que, tanto en el mundo oriental como en el occidental, han r...

Descripció completa

Guardat en:
Dades bibliogràfiques
Autor principal: Calvario Martínez, Leticia
Format: Text
Matèries:
Etiquetes: Afegir etiqueta
Sense etiquetes, Sigues el primer a etiquetar aquest registre!

MARC

LEADER 00000 a a2200000 04500
001 14464
003
040
100 |a Calvario Martínez, Leticia  
245 |a La Presencia del cuerpo ausente /  |c Leticia Calvario Martínez 
500 |a Resumen también en Inglés  
520 |a El cuerpo de la mujer, además de sus particularidades biológicas, es interpretación, cultura, religión   |a en definitiva es un constructo social. El presente ensayo es una breve y quizá forzada -pero necesaria- comparación de miradas extremas que, tanto en el mundo oriental como en el occidental, han relegado a las mujeres. Dicha comparación pretende superar aquellas visiones de supuesta supremacía ética o moral de una cultura sobre otra para dar paso a trabajos intelectuales y actividades artísticas cuyas miradas presencian aquello que se oculta  
650 |a MUJERES  
650 |a ESTEREOTIPOS  
650 |a RELIGION  
650 |a CONTROL SOCIAL  
650 |a SEXUALIDAD  
650 |a CENSURA  
650 |a VIOLENCIA CONTRA LAS MUJERES  
650 |a ANALISIS DE GENERO  
650 |a IGUALDAD DE GENERO  
773 |g número 101 -102 (III -IV; páginas 113-124  
999 |c 32103  |d 32103 
773 0 |0 18728  |9 3036  |a Universidad de Costa Rica  |d San José, Costa Rica Editorial UCR 1956-  |o 17129  |t Revista de Ciencias Sociales/  |x 04825276